LEADER 00700nam a2200193 i 4500 001 000000217431 003 CaOOAMICUS 005 20121205000000.0 008 121205s1823 it u000 u ita u 013 $a196328 026 $aresi o,hi cib- riro (7) 1823 (A) 040 $aSeMil$bita 245 10$aTomo 2. 300 $a382 p. 500 $aSegn. A-Q12. 773 0 $aLiguori, Alfonso Maria : de' $tVerità della fede opera del beato Alfonso Maria De Liguori. Tomo 1. [-2.].$dMonza : Luca Corbetta, 1832-1834.$g2$w()27773 850 $aSeMil 852 $aSeMil$W1$xVenegono$y1$m2E I 34 FA$j167845$B167845$CSeMilBibl$Z2$F178618 $8I 996 $6245$aTomo 2$9(OLS)http://semarc/title/49331 LEADER 00992nam a2200229 i 4500 001 000000222887 003 CaOOAMICUS 005 20130927000000.0 008 130927s1980 it u000 u ita u 013 $a201784 020 $a88-7023-021-X 040 $aSeMil$bita 100 1 $aColombo, Giulio <1931-2018>.$0(OLS)http://semarc/name/90250 245 10$aS. Maria del Cerro in Cassano Magnago :$b150 anni di storia e d'arte /$cGiulio Colombo. 260 $aMilano :$bNED,$ccopyr. 1980. 300 $a67 p., [8] p. di tav. ;$c19 cm. 650 4$aCassano Magnago - Chiese - Santa Maria del Cerro.$0(OLS)http://semarc/subject/8550 850 $aSeMil 852 $aSeMil$W1$xVenegono$y1$m5B III 26/22$j173233$B173233$CSeMilBibl$Z2$F183533 $81 996 $6020$a88-7023-021-X$9(OLS)http://semarc/number/11020 996 $6245$aS. Maria del Cerro in Cassano Magnago :$b150 anni di storia e d'arte$9(OLS)http://semarc/title/58547 996 $6260$aMilano :$bNED$9(OLS)http://semarc/publisher/30187 LEADER 00689nab a2200145 i 4500 001 000000305038 003 CaOOAMICUS 005 20180831172830.0 008 180831n it uu u0 0ita r 013 $a13058 040 $aSeMil$bita 245 10$aRendiconti della Società Italiana di Antropologia e Etnologia. - Rendiconti delle Adunanze 573.-575., febbraio-novembre 2005. 700 1 $aSocietà Italiana di Antropologia e Etnologia .$0(OLS)http://semarc/name/1710 773 0 $t[vedi periodico].$gp.[429]-432$w()264701 996 $6245$aRendiconti della Società Italiana di Antropologia e Etnologia. - Rendiconti delle Adunanze 573.-575., febbraio-novembre 2005.$9(OLS)http://semarc/title/380738